Russia's Security and the War on Terror : (Record no. 618792)

MARC details
000 -LEADER
fixed length control field 00524nam a2200193 a 4500
008 - FIXED-LENGTH DATA ELEMENTS--GENERAL INFORMATION
fixed length control field 260407s2008##################000#0#eng##
020 ## - INTERNATIONAL STANDARD BOOK NUMBER
ISBN 9780415390552
082 04 - DEWEY DECIMAL CLASSIFICATION NUMBER
Classification number 355.033047
Item number TSY
100 1# - MAIN ENTRY--AUTHOR NAME
Personal name Tsypkin, Mikhail,
245 10 - TITLE STATEMENT
Title Russia's Security and the War on Terror :
260 ## - PUBLICATION, DISTRIBUTION, ETC. (IMPRINT)
Name of publisher Taylor & Francis US,
Year of publication 2008.
300 ## - PHYSICAL DESCRIPTION
Number of Pages 175 pages
650 #0 - SUBJECT ADDED ENTRY--TOPICAL TERM
Topical Term Social Science.
942 ## - ADDED ENTRY ELEMENTS (KOHA)
Koha item type English Books
Holdings
Withdrawn status Lost status Damaged status Not for loan Home library Current library Shelving location Date acquired Full call number Accession Number Price effective from Koha item type
        Anna Centenary Library Anna Centenary Library 4TH FLOOR, A WING 07.04.2026 355.033047 TSY 145946 07.04.2026 English Books

Find us on the map